Catalog

Record Details

Catalog Search



Satan in Goray  Cover Image Book Book

Satan in Goray / Isaac Bashevis Singer

Record details

  • Physical Description: 239 s.
  • Edition: Seventh printing
  • Publisher: New York : Farrar Straus Giroux, 1979

Available copies

  • 1 of 1 copy available at Common Catalog SPOK.

Holds

  • 0 current holds with 1 total copy.
Show Only Available Copies
Location Call Number / Copy Notes Barcode Shelving Location Status Due Date
The Jewish community of Prague K 570 b 4638303454 K - Beletrie Available -

LDR 00541nam a2200193 a 4500
00155422
003CZ-PrJAB
00520050808130742.0
007ta
008080805s1979 xxu eng
035 . ‡a(CZ PrNK)zpk20051577949
040 . ‡aABA001 ‡bcze
1001 . ‡aSinger, Isaac Bashevis, ‡d1904-1991 ‡7jn19990007991 ‡4aut
24510. ‡aSatan in Goray / ‡cIsaac Bashevis Singer
260 . ‡aNew York : ‡bFarrar Straus Giroux, ‡c1979
250 . ‡aSeventh printing
300 . ‡a239 s.
910 . ‡aABE461
995 . ‡aska
901 . ‡a55422 ‡bAUTOGEN ‡c55422 ‡tbiblio

Additional Resources